000 00480nam a22001697a 4500
005 20250619155824.0
008 250516b |||||||| |||| 00| 0 eng d
020 _a9788179921623
040 _cSDCL
041 _aeng
084 _aO-,3N64 R4 LR
100 _aSharma, Robin
245 _aMonk who sold his ferrari:
_bFable about fulfilling your dreams and reaching your destiny
260 _aDelhi :
_bJaico Publishing House,
_c2024.
300 _a198p
942 _2CC
_cGB
999 _c1400993
_d1400993